European Capitals WITHOUT The Letter A - Statistics

General Stats
  • This quiz has been taken 655 times
    621 since last reset
  • The average score is 14 of 16
Answer Stats
Capitals % Correct
London
95%
Lisbon
94%
Oslo
94%
Berlin
92%
Rome
91%
Stockholm
91%
Dublin
90%
Bern
89%
Helsinki
89%
Brussels
87%
Moscow
85%
Kiev
84%
Minsk
81%
Vilnius
78%
Luxembourg
77%
Skopje
72%
No matching quizzes found
Score Distribution
Percent of People with Each Score
Percentile by Number Answered
Your Score History
You have not taken this quiz since the last reset